|
|
|
|
| LEADER |
00000ckm a2200000 a 4500 |
| 001 |
vtls010263857 |
| 003 |
SK-MaSNL |
| 005 |
20260301172953.0 |
| 007 |
kf bo |
| 008 |
231214q1953 xo g kuslo |
| 015 |
|
|
|a SNBG1953
|
| 035 |
|
|
|a urn:nbn:sk:snk-km00bk7l
|
| 035 |
|
|
|a urn:nbn:sk:snk-km3lms8
|
| 035 |
|
|
|a CC0127E4-578E-4CBF-8446-24822D971F9E
|
| 040 |
|
|
|a SNK
|b slo
|c SNK
|e AACR2
|
| 041 |
0 |
|
|a slo
|
| 043 |
|
|
|a e-xo---
|
| 044 |
|
|
|a xo
|c SK
|
| 072 |
|
7 |
|a 913
|x Regionálna geografia
|2 konspekt
|
| 080 |
|
|
|a 913(437.6)
|2 2011
|
| 080 |
|
|
|a 904(084.121)
|2 2011
|
| 080 |
|
|
|a 726:27-523.42
|2 2011
|
| 080 |
|
|
|a 721
|2 2011
|
| 245 |
0 |
0 |
|a Hurbanovo
|h grafika
|
| 260 |
|
|
|a [Bratislava]
|b Tatran
|c [1953?]
|
| 300 |
|
|
|a 1 pohľadnica
|b čiernobiela
|c 14 x 9 cm
|
| 520 |
8 |
|
|a Zobrazenie: V bielom orámovaní pohľad z chodníka, spod stromu, cez cestu na Kostol sv. Ladislava, pred ktorým sú stromy. Vľavo na chodníku je chlapec a vľavo pri chodníku je pumpa a stĺp elektrického vedenia. V popredí vpravo je osekaný strom. V ľavom hornom rohu sú konáre listnatého stromu
|
| 610 |
2 |
7 |
|a Kostol sv. Ladislava (Hurbanovo, Slovensko)
|2 SNKKA
|9 424949
|
| 650 |
0 |
7 |
|a kostoly
|2 SNKPH
|9 3023
|
| 650 |
0 |
7 |
|a budovy
|2 SNKPH
|9 1283
|
| 650 |
0 |
7 |
|a kultúrne pamiatky
|2 SNKPH
|9 2862
|
| 651 |
|
7 |
|a Hurbanovo (Slovensko)
|2 SNKPHgeo
|9 20246
|
| 655 |
|
7 |
|a pohľadnice kultúrnych pamiatok
|2 SNKPH
|9 70523
|
| 655 |
|
7 |
|a miestne pohľadnice
|2 SNKPH
|9 70510
|
| 852 |
|
|
|a Slovenská národná knižnica
|
| 958 |
|
|
|a GBN
|
| 958 |
|
|
|a GC
|
| 958 |
|
|
|a OND
|
| 958 |
|
|
|a EUIPO
|
| 999 |
|
|
|c 835331
|d 837261
|
| 952 |
|
|
|a SNK
|b SNK
|y PREZ
|7 0
|p 17A0693952
|o snkSP 13836
|3 rekatalogizácia
|z Pohľadnica prešla poštou.
|0 0
|1 0
|4 0
|d 2011-03-15
|f 1
|l 0
|r 2026-02-24 03:51:39
|w 2026-02-24
|